Parhaat Karit - Statistics

Yleistilastot
  • Tätä visaa on pelattu 34 kertaa
  • Keskiarvotulos 2 / 6
Vastaustilastot
Vihje E Karit % Oikein
Kivi E Kari
100%
Nimi E Kari Kapula
17%
Parempi Nimi E Kari Krapula
17%
Putinin Salajuoni E KariDrone977
13%
Luovuta E Kari Hietaniemi
13%
Puu E Kari Mänty
13%
Ehtoja vastaavia visoja ei löytynyt
Tulosjakauma
Jokaisen tuloksen saaneiden osuus
Persentiili vastausten määrän mukaan
Tuloshistoriasi
Et ole pelannut tätä visaa